| 000 | 00963nam a22002537a 4500 | ||
|---|---|---|---|
| 999 |
_c8462 _d8462 |
||
| 003 | AR-CdUCM | ||
| 008 | 190325b ||||| |||| 00| 0 spa d | ||
| 040 |
_aMUNICIPALIDAD PROVINCIAL DEL CUSCO _cBIBLIOTECA MUNICIPAL DEL CUSCO |
||
| 082 |
_a985.008 / _bC73 |
||
| 110 |
_aComisión del sesquicentenario de la independencia del Perú _923738 |
||
| 245 | _aArchivo Riva Agüero / | ||
| 260 |
_aLima : _bComisión del sesquicentenario de la independencia del Perú, _c1976. |
||
| 300 |
_a943 páginas ; _c24 cm. |
||
| 440 |
_aColección documental de la independencia del Perú _921856 |
||
| 505 | _aContenido: Archivo Riva Agüero. | ||
| 650 |
_aindependencia. _9625 |
||
| 650 |
_aRiva Agüero. _923739 |
||
| 650 |
_aColección. _92826 |
||
| 650 |
_aSesquicentenario. _922173 |
||
| 700 |
_aJose A. de la Puente Candamo (investigación y prologo) _923444 |
||
| 700 |
_aDeusta Pimentel ((investigación y prologo) _923740 |
||
| 942 |
_2ddc _cLIBROS |
||
| 945 | _awfj | ||